Technická efektívnosť bankového sektora na Slovensku

Technická efektívnosť bánk na Slovensku. Existencia priestoru na zlepšenie technickej efektívnosti bánk pre zvýšenie konkurencieschopnosti bankového sektora a celej ekonomiky.

Salvato in:
Dettagli Bibliografici
Autore principale: Vidiečanová, Michaela
Natura: Capitolo di libro
Lingua:slovacco
Soggetti:
Tags: Aggiungi Tag
Nessun Tag, puoi essere il primo ad aggiungerne!!

MARC

LEADER 00000naa a2200000 4500
001 0284667
005 20240417075208.0
041 0 |a slo 
044 |a SK 
245 1 0 |a Technická efektívnosť bankového sektora na Slovensku  |c Michaela Vidiečanová 
520 |a Technická efektívnosť bánk na Slovensku. Existencia priestoru na zlepšenie technickej efektívnosti bánk pre zvýšenie konkurencieschopnosti bankového sektora a celej ekonomiky. 
610 2 0 |a banky 
610 2 0 |a efektívnosť techniky 
610 2 0 |a Slovensko 
100 1 |a Vidiečanová, Michaela